000 00444nam a2200157 4500
001 122739
003 ES-MaACL
005 20230906192032.0
007 t|
008 070214s1972 sp r ||||1| cat d
100 1 _aPuig Pujol, Joan.
_994274
245 1 0 _a86 anys de prensa local
_b: Sabadell, 1853-1938 /
_cJoan Puig Pujol.
260 _aSabadell :
_bRiutort,
_c1972.
300 _a107 p. ;
_c18 cm.
852 _aES-MaACL
_jC-52597
_bR.85827
999 _c122739
_d122739